Возможности использования газогидратной технологии для улавливания радона (Rn); Химия и химическая технология в XXI веке; Т. 2

Библиографические подробности
Источник:Химия и химическая технология в XXI веке: материалы XII Всероссийской научно-практической конференции студентов и молодых ученых с международным участием, Томск, 11-13 мая 2011 г./ Национальный исследовательский Томский политехнический университет (ТПУ), Институт природных ресурсов (ИПР).— , 2011
Т. 2.— 2011.— [С. 140]
Главный автор: Соколов М. Н.
Другие авторы: Гузеев В. В. (научный руководитель)
Примечания:Заглавие с титульного листа
Электронная версия печатной публикации
Язык:русский
Опубликовано: 2011
Серии:Секция 5. Химическая технология редких элементов
Предметы:
Online-ссылка:http://www.lib.tpu.ru/fulltext/v/Conferences/2011/C6/C6a70.pdf
Формат: Электронный ресурс Статья
Запись в KOHA:https://koha.lib.tpu.ru/cgi-bin/koha/opac-detail.pl?biblionumber=216137

MARC

LEADER 00000nla2a2200000 4500
001 216137
005 20231031194118.0
035 |a (RuTPU)RU\TPU\book\236098 
035 |a RU\TPU\book\236097 
090 |a 216137 
100 |a 20120521d2011 k y0rusy50 ca 
101 0 |a rus 
102 |a RU 
105 |a y z 101zy 
135 |a drnn ---uucaa 
181 0 |a i  
182 0 |a b 
200 1 |a Возможности использования газогидратной технологии для улавливания радона (Rn)  |b Электронный ресурс  |f М. Н. Соколов  |g науч. рук. В. В. Гузеев 
203 |a Текст  |c электронный 
215 |a 1 файл (330 Кб) 
225 1 |a Секция 5. Химическая технология редких элементов 
230 |a Электронные текстовые данные (1 файл : 330 Кб) 
300 |a Заглавие с титульного листа 
300 |a Электронная версия печатной публикации 
337 |a Adobe Reader 
461 1 |0 (RuTPU)RU\TPU\book\218704  |t Химия и химическая технология в XXI веке  |o материалы XII Всероссийской научно-практической конференции студентов и молодых ученых с международным участием, Томск, 11-13 мая 2011 г.  |o в 2 т.  |f Национальный исследовательский Томский политехнический университет (ТПУ), Институт природных ресурсов (ИПР)  |d 2011 
463 1 |0 (RuTPU)RU\TPU\book\218881  |t Т. 2  |v [С. 140]  |d 2011  |p 310 с. 
610 1 |a инертные газы 
610 1 |a радон 
610 1 |a газовые гидраты 
610 1 |a образование 
610 1 |a улавливание 
610 1 |a газогидратный метод 
610 1 |a использование 
610 1 |a электронный ресурс 
700 1 |a Соколов  |b М. Н. 
702 1 |a Гузеев  |b В. В.  |4 727 
801 1 |a RU  |b 63413507  |c 20120118 
801 2 |a RU  |b 63413507  |c 20130218  |g RCR 
856 4 |u http://www.lib.tpu.ru/fulltext/v/Conferences/2011/C6/C6a70.pdf 
942 |c CF